| 000 | 00595nam a2200229 a 4500 | ||
|---|---|---|---|
| 001 | 157173 | ||
| 003 | OSt | ||
| 005 | 20230607113905.0 | ||
| 008 | 191022 ### HIN | ||
| 020 | _a9789353439590 | ||
| 082 |
_a535 _bH35O _222 |
||
| 100 | _aHecht, Eugene | ||
| 245 |
_aOptics _cby Eugene Hecht and A.R. Ganesan |
||
| 250 | _a5th ed. | ||
| 260 |
_aNoida _bPearson India Education _c2020, 2023 |
||
| 300 | _a749p. | ||
| 500 | _aAcc. No.41365-41367: The Year of Publication is 2023. | ||
| 653 | _aPhysics | ||
| 653 | _aOptics | ||
| 700 | _aGanesan, A.R. | ||
| 942 |
_2ddc _cBK |
||
| 999 |
_c19558 _d19558 |
||